Superior processing rubber (Record no. 69964)

MARC details
000 -LEADER
fixed length control field 00336nam a2200133Ia 4500
245 #0 - TITLE STATEMENT
Title Superior processing rubber
260 ## - PUBLICATION, DISTRIBUTION, ETC. (IMPRINT)
Name of publisher Planters Bulletin
Year of publication 1957
300 ## - PHYSICAL DESCRIPTION
Number of Pages 83-87
650 ## - SUBJECT ADDED ENTRY--TOPICAL TERM
Topical Term Rubber processing
650 ## - SUBJECT ADDED ENTRY--TOPICAL TERM
Topical Term Rubber production
650 ## - SUBJECT ADDED ENTRY--TOPICAL TERM
Topical Term Superior processing
942 ## - ADDED ENTRY ELEMENTS (KOHA)
Koha item type Journals
Holdings
Withdrawn status Lost status Damaged status Not for loan Home library Current library Shelving location Date acquired Serial Enumeration / chronology Koha item type
      Journals RRII Library RRII Library Rubber chemistry 17/12/2021 Volume 32, Issue Journals